000 00626nam a2200193Ia 4500
003 GCL
008 140319s9999 xx 000 0 ara d
040 _aGCL /
_cGCL
082 0 4 _a658.403
_bس ا
100 1 _aسمير محمد عبدالعزيز
245 1 0 _aالاقتصاد الادارى: مدخل فى الاحصاء وبحوث العمليات /
_cسمير محمد عبدالعزيز
260 _a[S.N] :
_bمؤسسة شباب الجامعة ،
_c1991
300 _a400 ص
490 _a
650 0 4 _aالاقتصاد
650 0 4 _aالادارة
650 0 4 _aاتخاذ القرارات
942 _2ddc
_cBK
999 _c37627
_d37627